| 000 | 00864nam0a22002771 4500 | ||
|---|---|---|---|
| 001 | rc\4553760 | ||
| 005 | 20250612115134.0 | ||
| 021 |
_aRU _b[67-89050] |
||
| 035 | _a(NLR Aleph) 008643151 | ||
| 090 |
_a8955062 _c8955062 |
||
| 100 | _a20130416d1967 |||y0rusy50 ca | ||
| 101 | 0 | _arus | |
| 102 | _aRU | ||
| 105 | _aa z ||||| | ||
| 200 | 1 |
_aЛенинград _e[Сборник] |
|
| 210 |
_aЛенинград _cЛениздат _d1967 |
||
| 215 |
_a363 с. _cил. _d30 |
||
| 300 | _aВ конце книги сост.: Н.Я. Борисов | ||
| 606 |
_aКоммунистическое строительство _yЛенинград _2psbo |
||
| 607 |
_aЛенинград _xИстория _2psbo |
||
| 702 | 1 |
_aБорисов _bН.Я. _4220 |
|
| 801 | 0 |
_aRU _bNLR _gpsbo |
|
| 801 | 1 |
_aRU _bELAR _2rusmarc |
|
| 852 |
_aNLR _j67-8/2096 |
||
| 942 | _cBOOK | ||
| 980 | _aNB | ||